[Event "Verbandsliga Sued Baden 1314"]
[Site "Germany"]
[Date "2014.04.13"]
[Round "9.5"]
[White "Schwierskott, Marc"]
[Black "Mamerow, Marvin Stephan"]
[Result "1-0"]
[WhiteElo "2227"]
[BlackElo "1935"]
[PlyCount "45"]
[EventDate "2013.10.20"]
[EventType "team-tourn"]
[EventRounds "9"]
[EventCountry "GER"]
[SourceTitle "EXT 2015"]
[Source "ChessBase"]
[SourceDate "2014.11.20"]
[SourceVersion "1"]
[SourceVersionDate "2014.11.20"]
[SourceQuality "1"]
[WhiteTeam "Brombach"]
[BlackTeam "Baden-Baden IV"]
[WhiteTeamCountry "GER"]
[BlackTeamCountry "GER"]

1. c4 Nf6 2. Nc3 g6 3. e4 d6 4. d4 Bg7 5. Be2 0-0 6. Bg5 h6 7. Be3 Nc6 8. Qd2 Kh7 9. d5 Ne5 10. h3 e6 11. f4 Ned7 12. dxe6 fxe6 13. 0-0-0 Qe7 14. h4 Nb6 15. e5 dxe5 16. fxe5 Nfd7 17. Nf3 Rxf3 18. gxf3 Nxe5 19. h5 g5 20. f4 gxf4 21. Bxf4 Bd7 22. Rhg1 Rf8 23. Bxe5 1-0

[Event "Verbandsliga Sued Baden 1314"]
[Site "Germany"]
[Date "2014.03.09"]
[Round "7.6"]
[White "Schneider, Dominik"]
[Black "Mamerow, Marvin Stephan"]
[Result "1-0"]
[WhiteElo "2062"]
[BlackElo "1935"]
[PlyCount "45"]
[EventDate "2013.10.20"]
[EventType "team-tourn"]
[EventRounds "9"]
[EventCountry "GER"]
[SourceTitle "EXT 2015"]
[Source "ChessBase"]
[SourceDate "2014.11.20"]
[SourceVersion "1"]
[SourceVersionDate "2014.11.20"]
[SourceQuality "1"]
[WhiteTeam "Offenburg"]
[BlackTeam "Baden-Baden IV"]
[WhiteTeamCountry "GER"]
[BlackTeamCountry "GER"]

1. e4 c5 2. Nc3 g6 3. g3 Bg7 4. Bg2 a6 5. d3 Nc6 6. Be3 d6 7. Qd2 h6 8. f4 Nf6 9. h3 Bd7 10. Nf3 b5 11. a3 Rb8 12. 0-0 b4 13. axb4 Rxb4 14. e5 dxe5 15. Nxe5 Nxe5 16. fxe5 Nh5 17. Bxc5 Rxb2 18. Qf2 0-0 19. d4 Bb5 20. Nxb5 Rxb5 21. g4 Rxc5 22. dxc5 Bxe5 23. Rad1 1-0